Statistics for Countries of the World Quiz - 5-minute Sprint

Click here to take the quiz!

General Stats

  • This quiz has been taken 2 times
  • The average score is 91 of 196

Answers on the Map

Answers color-coded by a green-red scale on the quiz's map according to % correct below.
 

Answer Stats

Country% Correct
Algeria
100%
Argentina
100%
Bahamas
100%
Barbados
100%
Belgium
100%
Brazil
100%
Canada
100%
Cape Verde
100%
Chad
100%
Chile
100%
China
100%
Costa Rica
100%
Croatia
100%
Cuba
100%
Cyprus
100%
Denmark
100%
Ecuador
100%
Egypt
100%
Fiji
100%
Finland
100%
France
100%
Greece
100%
Guatemala
100%
Iceland
100%
India
100%
Indonesia
100%
Ireland
100%
Italy
100%
Jordan
100%
Kenya
100%
Libya
100%
Mexico
100%
Mongolia
100%
Morocco
100%
Netherlands
100%
New Zealand
100%
Nicaragua
100%
Norway
100%
Poland
100%
Portugal
100%
Russia
100%
Saudi Arabia
100%
South Sudan
100%
Spain
100%
Sri Lanka
100%
Sudan
100%
Sweden
100%
Turkey
100%
Ukraine
100%
United Arab Emirates
100%
United Kingdom
100%
United States
100%
Vietnam
100%
Yemen
100%
Afghanistan
50%
Albania
50%
Antigua and Barbuda
50%
Armenia
50%
Australia
50%
Austria
50%
Bahrain
50%
Belarus
50%
Belize
50%
Benin
50%
Bhutan
50%
Bolivia
50%
Bosnia and
Herzegovina
50%
Bulgaria
50%
Cambodia
50%
Colombia
50%
Czech Republic
50%
Central African
Republic
50%
Dominica
50%
Dominican Republic
50%
Federated States of
Micronesia
50%
Georgia
50%
Germany
50%
Grenada
50%
Guyana
50%
Haiti
50%
Honduras
50%
Iran
50%
Iraq
50%
Israel
50%
Jamaica
50%
Japan
50%
Kazakhstan
50%
Kosovo
50%
Laos
50%
Lebanon
50%
Luxembourg
50%
Madagascar
50%
Malaysia
50%
Maldives
50%
Malta
50%
Mauritania
50%
Montenegro
50%
Nepal
50%
Niger
50%
Nigeria
50%
North Korea
50%
Oman
50%
Pakistan
50%
Panama
50%
Peru
50%
Philippines
50%
Romania
50%
Saint Kitts and Nevis
50%
Saint Lucia
50%
Saint Vincent and the
Grenadines
50%
Samoa
50%
Serbia
50%
Slovenia
50%
Somalia
50%
South Africa
50%
South Korea
50%
Suriname
50%
Switzerland
50%
Syria
50%
Tanzania
50%
Thailand
50%
Tonga
50%
Trinidad and Tobago
50%
Tunisia
50%
Uganda
50%
Venezuela
50%
Zimbabwe
50%
Andorra
0%
Angola
0%
Azerbaijan
0%
Bangladesh
0%
Botswana
0%
Brunei
0%
Burkina Faso
0%
Burundi
0%
Cameroon
0%
Comoros
0%
Democratic Republic
of the Congo
0%
São Tomé and
Príncipe
0%
Djibouti
0%
East Timor
0%
El Salvador
0%
Equatorial Guinea
0%
Eritrea
0%
Estonia
0%
Eswatini
0%
Ethiopia
0%
Gabon
0%
Gambia
0%
Ghana
0%
Guinea
0%
Guinea-Bissau
0%
Hungary
0%
Ivory Coast
0%
Kiribati
0%
Kuwait
0%
Kyrgyzstan
0%
Latvia
0%
Lesotho
0%
Liberia
0%
Liechtenstein
0%
Lithuania
0%
Malawi
0%
Mali
0%
Marshall Islands
0%
Mauritius
0%
Moldova
0%
Monaco
0%
Mozambique
0%
Myanmar
0%
Namibia
0%
Nauru
0%
North Macedonia
0%
Palau
0%
Papua New Guinea
0%
Paraguay
0%
Qatar
0%
Republic of the Congo
0%
Rwanda
0%
San Marino
0%
Senegal
0%
Seychelles
0%
Sierra Leone
0%
Singapore
0%
Slovakia
0%
Solomon Islands
0%
Taiwan
0%
Tajikistan
0%
Togo
0%
Turkmenistan
0%
Tuvalu
0%
Uruguay
0%
Uzbekistan
0%
Vanuatu
0%
Vatican City
0%
Zambia
0%

Score Distribution

Percentile by Number Answered

Percent of People with Each Score

Your Score History

You have not taken this quiz